| 000 | 00646nam a2200193 i 4500 | ||
|---|---|---|---|
| 001 | 75791 | ||
| 003 | ES-MaACL | ||
| 007 | t| | ||
| 008 | 040927s1958 sp ||||1| spa d | ||
| 100 | 1 |
_aGrigson, Geoffrey. _960023 |
|
| 245 | 1 | 3 |
_aLa admirable diversidad del hombre / _cGeoffrey Grigson y Ch. Gibbs-Smith ; [traducción de Arturo Roca]. |
| 260 |
_aBarcelona : _bMateu, _c[1958] ( _fAleu y Domingo) |
||
| 300 |
_a2 v. ; _c25 cm. |
||
| 505 | 8 | _aContiene: v. I: Gentes -- v. II: Lugares | |
| 700 | 1 |
_aGibbs-Smith, Ch. H. _956635 |
|
| 700 | 1 |
_aRoca, Arturo. _997970 |
|
| 852 |
_aES-MaACL _jE-4557 _bR.42142 |
||
| 852 |
_aES-MaACL _jE-4558 _bR.42142 |
||
| 999 |
_c75791 _d75791 |
||